| 000 | 00329nam a2200109Ia 4500 | ||
|---|---|---|---|
| 008 | 190906s9999||||xx |||||||||||||| ||und|| | ||
| 100 | _a Norm Smallwood | ||
| 245 | 0 | _aHow Leaders build the business and improve the bottom line Results Based Leadership | |
| 260 |
_aNew Delhi _bTata McGraw Hill _c1999 |
||
| 300 | _a234 | ||
| 942 | _cBK | ||
| 999 |
_c6089 _d6089 |
||